000 01165nam a2200289Ia 4500
001 ebr10551228
003 CaPaEBR
006 m u
007 cr cn|||||||||
008 110509s2009 ctuab sb 001 0 eng d
020 _z9780300178968
020 _z9780300181784
040 _aCaPaEBR
_cCaPaEBR
035 _a(OCoLC)793206897
050 1 4 _aQH546
_b.F67 2009eb
100 1 _aForbes, Peter,
_d1947-
245 1 0 _aDazzled and deceived
_h[electronic resource] :
_bmimicry and camouflage /
_cPeter Forbes.
260 _aNew Haven, Conn. ;
_aLondon :
_bYale University Press,
_c2009.
300 _axvi, 283 p. :
_bill. (chiefly col.), maps (some col.)
504 _aIncludes bibliographical references and index.
533 _aElectronic reproduction.
_bPalo Alto, Calif. :
_cebrary,
_d2011.
_nAvailable via World Wide Web.
_nAccess may be limited to ebrary affiliated libraries.
650 0 _aMimicry (Biology)
650 0 _aCamouflage (Biology)
655 7 _aElectronic books.
_2local
710 2 _aebrary, Inc.
856 4 0 _uhttp://site.ebrary.com/lib/rucke/Doc?id=10551228
_zAn electronic book accessible through the World Wide Web; click to view
999 _c139402
_d139402